[Event "Snorlax"]
[Site "SchemingMind.com"]
[Date "2008.07.20"]
[Round "-"]
[White "rao"]
[Black "olavax"]
[Result "0-1"]
[WhiteCountry "INT"]
[BlackCountry "FRA"]
[WhiteElo "1556"]
[WhiteRD "65"]
[BlackElo "1814"]
[BlackRD "81"]
[GameID "164122"]

1. e4 d6 2. Bc4 Nf6 3. d3 Nc6 4. Be3 Na5 5. Bb5+ c6 6. Ba4 e5 7. h3 b5 8. Bb3 Nxb3 9. axb3 Qc7 10. Nf3 Be7
11. c4 b4 12. Ra4 c5 13. Nbd2 Bd7 14. Ra1 O-O 15. Bg5 a5 16. Nh2 Bc8 17. Bxf6 Bxf6 18. Ng4 Be7 19. Nf3 f5 20. exf5 Bxf5
21. Ne3 Be6 22. Nd2 Rf7 23. Ne4 Raf8 24. O-O Bd8 25. Qe2 Qd7 26. Nd5 Bxd5 27. Rad1 Bxe4 28. dxe4 Bc7 29. Rd3 Rf6 30. Rg3 Qe6
31. Qh5 Rh6 32. Qg5 Rg6 33. Qe3 Rxg3 34. Qxg3 Qe8 35. Re1 Qf7 36. Re3 Qf4 37. h4 Qxg3 38. Rxg3 Rf4 39. Re3 Rxh4 40. g3 Rg4
41. Kg2 Rg6 42. f3 h5 43. Kh3 Rf6 44. Kh4 g6 45. Kg5 Kg7 46. f4 exf4 47. gxf4 Bd8 48. Kh4 Rxf4+ 49. Kg3 Rg4+ 50. Kh3 Bf6
51. Re2 Be5 52. Re3 Rg1 53. Re2 Rg3+ 54. Kh2 Re3+ 55. Kg2 Rxe2+ 56. Kf3 Rxb2 57. Ke3 Rxb3+ 58. Kf2 a4 59. Ke2 a3 60. Kd2 a2
61. Kc2 Rb2+ 62. Kd3 a1=Q 63. Ke3 Qa3#
0-1

[Event "Snorlax"]
[Site "SchemingMind.com"]
[Date "2008.07.19"]
[Round "-"]
[White "z"]
[Black "olavax"]
[Result "0-1"]
[WhiteCountry "IRQ"]
[BlackCountry "FRA"]
[WhiteElo "1719"]
[WhiteRD "54"]
[BlackElo "1818"]
[BlackRD "78"]
[GameID "164123"]

1. e4 d6 2. d4 Nf6 3. Bd3 e5 4. d5 Be7 5. Ne2 O-O 6. O-O c6 7. c4 Nbd7 8. Nbc3 Nc5 9. Bc2 Ne8 10. b4 Na6
11. a3 f5 12. f3 f4 13. Bd2 Bd7 14. Qb1 Nac7 15. b5 cxb5 16. cxb5 b6 17. a4 a5 18. Be1 g5 19. Bf2 Rb8 20. g4 Kf7
21. Nd1 Rh8 22. Nb2 h5 23. h3 hxg4 24. hxg4 Nf6 25. Nc4 Rh3 26. Kg2 Qh8 27. Rh1 Bxg4 28. fxg4 f3+
0-1

[Event "Snorlax"]
[Site "SchemingMind.com"]
[Date "2008.07.19"]
[Round "-"]
[White "mrbiggs"]
[Black "olavax"]
[Result "0-1"]
[WhiteCountry "USA"]
[BlackCountry "FRA"]
[WhiteElo "1709"]
[WhiteRD "67"]
[BlackElo "1818"]
[BlackRD "78"]
[GameID "164124"]

1. e4 d6 2. d4 Nf6 3. Nc3 e5 4. dxe5 dxe5 5. Qxd8+ Kxd8 6. Nf3 c6 7. Nxe5 Be6 8. Bg5 Nd7 9. Nxd7 Kxd7 10. O-O-O+ Kc7
11. f3 Rd8 12. Rxd8 Kxd8 13. a3 a5 14. e5 h6 15. Bh4 g5 16. Bxg5 hxg5 17. exf6 Rh6 18. Ne4 Bd5 19. Nxg5 Bc5 20. Bd3 Be3+
21. Kd1 Bxg5 22. h3 Bxf6 23. c3 Bh4 24. Kc2 Kc7 25. Rd1 b5 26. b3 Kb6 27. Kb2 Bg3 28. Rd2 Rd6 29. Kc2 a4 30. bxa4 bxa4
31. Re2 Bb3+
0-1

[Event "Snorlax"]
[Site "SchemingMind.com"]
[Date "2008.07.22"]
[Round "-"]
[White "Joe Daudish"]
[Black "olavax"]
[Result "1/2-1/2"]
[WhiteCountry "USA"]
[BlackCountry "FRA"]
[WhiteElo "1729"]
[WhiteRD "43"]
[BlackElo "1818"]
[BlackRD "78"]
[GameID "164125"]

1. d4 d6 2. Bf4 Nf6 3. Nf3 g6 4. h3 Bg7 5. e3 c5 6. c3 O-O 7. Bc4 d5 8. Bb3 c4 9. Bc2 Nc6 10. Nbd2 b5
11. O-O Nd7 12. e4 e5 13. dxe5 Ndxe5 14. Nxe5 Nxe5 15. Bxe5 Bxe5 16. Nf3 Bc7 17. Qxd5 Qxd5 18. exd5 Bb7 19. Rad1 Rad8 20. Be4 Rfe8
21. Rfe1 Bd6 22. Nd4 a6 23. Bf3 Rxe1+ 24. Rxe1 Rd7 25. Nc6 Kg7 26. g3 f6=
1/2-1/2

[Event "Snorlax"]
[Site "SchemingMind.com"]
[Date "2008.07.19"]
[Round "-"]
[White "Aadsje"]
[Black "Zugzwang"]
[Result "1-0"]
[WhiteCountry "NED"]
[BlackCountry "CAN"]
[WhiteElo "2043"]
[WhiteRD "59"]
[BlackElo "1494"]
[BlackRD "57"]
[GameID "164151"]

1. d4 f5 2. g3 Nf6 3. Bg2 e6 4. c4 c6 5. Nf3 d5 6. O-O Bd6 7. b3 Qe7 8. Ne5 b6 9. cxd5 exd5 10. Bb2 Bb7
11. Qc2 g6 12. Nd2 Nbd7 13. Ndf3 c5 14. Nxd7 Nxd7 15. dxc5 Be5 16. c6 Bxb2 17. cxb7 Rb8 18. Qxb2 Nc5 19. Qxh8+
1-0

[Event "Snorlax"]
[Site "SchemingMind.com"]
[Date "2008.07.19"]
[Round "-"]
[White "Aadsje"]
[Black "Orhany24"]
[Result "1-0"]
[WhiteCountry "NED"]
[BlackCountry "TUR"]
[WhiteElo "2043"]
[WhiteRD "59"]
[BlackElo "1703"]
[BlackRD "65"]
[GameID "164152"]

1. c4 c5 2. Nf3 Nc6 3. Nc3 Nf6 4. g3 g6 5. Bg2 Bg7 6. d4 cxd4 7. Nxd4 a6 8. O-O O-O 9. Bg5 Qc7 10. e3 d6
11. Bxf6 Bxf6 12. Nd5 Qa5 13. Nxf6+ exf6 14. Nxc6 bxc6 15. Bxc6 Rb8 16. Qxd6 Bh3 17. Rfb1 Rfd8 18. Qxf6 Qd2 19. Qe5 Rbc8 20. Bd5 Re8
21. Qf6 Rf8 22. Rd1 Qe2 23. c5 Bf5 24. c6
1-0

[Event "Snorlax"]
[Site "SchemingMind.com"]
[Date "2008.07.19"]
[Round "-"]
[White "Aadsje"]
[Black "toguints"]
[Result "1-0"]
[WhiteCountry "NED"]
[BlackCountry "PHI"]
[WhiteElo "2043"]
[WhiteRD "59"]
[BlackElo "1460"]
[BlackRD "79"]
[GameID "164153"]

1. e4 c5 2. Nf3 Nc6 3. d4 cxd4 4. Nxd4 Nf6 5. Nc3 e5 6. Ndb5 a6 7. Nd6+ Bxd6 8. Qxd6 Qe7 9. Qxe7+ Nxe7 10. Bg5 h6
11. Bxf6 gxf6 12. O-O-O f5 13. exf5 Nxf5 14. Nd5 O-O 15. g4 Nd6 16. Nf6+ Kg7 17. Rxd6 b5 18. Bg2 Ra7 19. Re1 Bb7 20. Nh5+ Kh7
21. Rxd7 Rb8 22. Rxf7+ Kg8 23. Rg7+ Kf8 24. Rxe5 a5 25. Rf5+ Ke8 26. Rff7 Bxg2 27. Nf6+ Kd8 28. Rf8#
1-0

[Event "Snorlax"]
[Site "SchemingMind.com"]
[Date "2008.07.20"]
[Round "-"]
[White "Aadsje"]
[Black "rao"]
[Result "1-0"]
[WhiteCountry "NED"]
[BlackCountry "INT"]
[WhiteElo "2043"]
[WhiteRD "59"]
[BlackElo "1540"]
[BlackRD "70"]
[GameID "164154"]

1. d4 d5 2. c4 dxc4 3. Nf3 Be6 4. e4 b5 5. b3 Nc6 6. d5 Bg4 7. dxc6 Qxd1+ 8. Kxd1 Rd8+ 9. Kc2 Rd6 10. Nc3 a6
11. bxc4 b4 12. Nd5 Bxf3 13. gxf3 Rxc6 14. Nxb4 Rf6 15. Be3 e5 16. Nd5 Rc6 17. Rb1 Nf6 18. Rb8+ Kd7 19. Bh3+ Re6 20. Rd1 Kc6
21. Bxe6 fxe6 22. Nxf6 gxf6 23. Rdd8 Rg8 24. Rxf8 Rg2 25. Rxf6 Kd6 26. Rd8+ Ke7 27. Rff8 Rxh2 28. Bc5#
1-0

[Event "Snorlax"]
[Site "SchemingMind.com"]
[Date "2008.07.19"]
[Round "-"]
[White "Aadsje"]
[Black "z"]
[Result "1-0"]
[WhiteCountry "NED"]
[BlackCountry "IRQ"]
[WhiteElo "2043"]
[WhiteRD "59"]
[BlackElo "1719"]
[BlackRD "54"]
[GameID "164155"]

1. d4 f5 2. g3 Nf6 3. Bg2 e6 4. c4 Bb4+ 5. Bd2 Be7 6. Nf3 O-O 7. O-O d5 8. Qc2 Ne4 9. Be3 g5 10. cxd5 exd5
11. Qc1 h6 12. Ne5 Kg7 13. f3 Nd6 14. Nc3 c6 15. Na4 Nd7 16. b3 Nxe5 17. dxe5 Ne8 18. f4 g4 19. Qc3 Nc7 20. Rad1 Ne6
21. Rd2 Rh8 22. Nb2 h5 23. Nc4 Kg6 24. Bf2 h4 25. e4 fxe4 26. f5+ Kh7 27. fxe6 Bxe6 28. Bxe4+ Kg7 29. Bg2 Qb8 30. Nd6 Qc7
31. Bxd5 Bxd5 32. Rxd5 hxg3 33. e6+ Bf6 34. Rg5+ Kh6 35. Qxf6+
1-0

[Event "Snorlax"]
[Site "SchemingMind.com"]
[Date "2008.07.19"]
[Round "-"]
[White "Aadsje"]
[Black "mrbiggs"]
[Result "1-0"]
[WhiteCountry "NED"]
[BlackCountry "USA"]
[WhiteElo "2043"]
[WhiteRD "59"]
[BlackElo "1709"]
[BlackRD "67"]
[GameID "164156"]

1. e4 e5 2. Nf3 Nf6 3. Nxe5 d6 4. Nf3 Nc6 5. Nc3 Be7 6. Bb5 O-O 7. O-O a6 8. Be2 d5 9. e5 Ne4 10. d3 Ng5
11. Bxg5 Bxg5 12. Nxg5 Qxg5 13. f4 Qd8 14. d4 Bf5 15. Bf3 Ne7 16. g4 Bc8 17. f5 c6 18. Qd2 Kh8 19. Rae1 Bd7 20. Na4 b6
21. Rf2 Rb8 22. Nc3 b5 23. a3 f6 24. Bg2 fxe5 25. dxe5 Qc7 26. f6 gxf6 27. exf6 Ng6 28. Qh6 Bxg4 29. Re7
1-0

[Event "Snorlax"]
[Site "SchemingMind.com"]
[Date "2008.07.21"]
[Round "-"]
[White "Aadsje"]
[Black "Joe Daudish"]
[Result "1-0"]
[WhiteCountry "NED"]
[BlackCountry "USA"]
[WhiteElo "2043"]
[WhiteRD "59"]
[BlackElo "1729"]
[BlackRD "43"]
[GameID "164157"]

1. Nc3 d5 2. d4 e6 3. e4 dxe4 4. Nxe4 Be7 5. Nf3 Nf6 6. Nxf6+ Bxf6 7. Bb5+ c6 8. Be2 Nd7 9. O-O b6 10. c3 Bb7
11. Bf4 O-O 12. h3 c5 13. Qa4 cxd4 14. cxd4 Be7 15. Rfc1 Bd5 16. Bc7
1-0

[Event "Snorlax"]
[Site "SchemingMind.com"]
[Date "2008.07.19"]
[Round "-"]
[White "Aadsje"]
[Black "olavax"]
[Result "1-0"]
[WhiteCountry "NED"]
[BlackCountry "FRA"]
[WhiteElo "2043"]
[WhiteRD "59"]
[BlackElo "1818"]
[BlackRD "78"]
[GameID "164158"]

1. Nf3 d6 2. d4 Nf6 3. c4 Bg4 4. Nc3 Bxf3 5. exf3 e5 6. dxe5 dxe5 7. Qxd8+ Kxd8 8. Bg5 c6 9. f4 Nd7 10. O-O-O Kc7
11. Bd3 h6 12. Bxf6 gxf6 13. Bf5 Nc5 14. Rd2 Ne6 15. Bxe6 fxe6 16. fxe5 fxe5 17. Rhd1 Rh7 18. Ne4 h5 19. Nf6 Rh8 20. Rd7+ Kb6
21. R1d3 Bc5 22. Rb3+ Ka6 23. Rdxb7 Rh6 24. Ne4 Bb6 25. Rd7
1-0

[Event "Snorlax"]
[Site "SchemingMind.com"]
[Date "2008.07.20"]
[Round "-"]
[White "Zugzwang"]
[Black "Aadsje"]
[Result "0-1"]
[WhiteCountry "CAN"]
[BlackCountry "NED"]
[WhiteElo "1494"]
[WhiteRD "57"]
[BlackElo "2043"]
[BlackRD "59"]
[GameID "164159"]

1. d4 d5 2. Nf3 Nf6 3. e3 g6 4. b3 Bg7 5. Bb2 O-O 6. Bd3 Nc6 7. Nbd2 Nb4 8. O-O Qd6 9. Qe2 Nxd3 10. cxd3 Nh5
11. Rac1 Bf5 12. e4 Be6 13. e5 Qa6 14. a4 Nf4 15. Qe3 Bh6 16. Kh1 Kg7 17. Rc3 Nxg2 18. Qe2 Nf4 19. Qe3 Bh3 20. Rg1 Bg2+
21. Rxg2 Nxg2 22. Qe2 Nf4 23. Qf1 c6 24. Nb1 b5 25. axb5 cxb5 26. Rc7 b4 27. Rxe7 Qa2
0-1

[Event "Snorlax"]
[Site "SchemingMind.com"]
[Date "2008.07.20"]
[Round "-"]
[White "Orhany24"]
[Black "Aadsje"]
[Result "0-1"]
[WhiteCountry "TUR"]
[BlackCountry "NED"]
[WhiteElo "1703"]
[WhiteRD "65"]
[BlackElo "2043"]
[BlackRD "59"]
[GameID "164160"]

1. d4 d5 2. c4 c6 3. Nc3 Nf6 4. Nf3 e6 5. e3 Nbd7 6. Bd3 dxc4 7. Bxc4 b5 8. Bd3 Bd6 9. h3 O-O 10. O-O b4
11. Ne2 c5 12. b3 Bb7 13. Ng3 cxd4 14. Nxd4 Nc5 15. Be2 Nfe4 16. Nxe4 Nxe4 17. Bb2 Qg5 18. Nf3 Qg6 19. Be5 Rad8 20. Qc2 Nc3
21. Bd3 f5 22. Nh4 Qh6 23. Bxd6 Rxd6 24. g3 Rfd8 25. Bc4 Be4 26. Qc1 g5 27. f3 Bd5
0-1

[Event "Snorlax"]
[Site "SchemingMind.com"]
[Date "2008.07.21"]
[Round "-"]
[White "toguints"]
[Black "Aadsje"]
[Result "0-1"]
[WhiteCountry "PHI"]
[BlackCountry "NED"]
[WhiteElo "1460"]
[WhiteRD "79"]
[BlackElo "2043"]
[BlackRD "59"]
[GameID "164161"]

1. d4 d5 2. Nc3 Nf6 3. Bg5 Nbd7 4. e3 h6 5. Bxf6 Nxf6 6. Bd3 e6 7. Nf3 Bd6 8. O-O O-O 9. Nb5 Bd7 10. Nxd6 cxd6
11. Re1 Qc7 12. c3 e5 13. dxe5 dxe5 14. e4 Rfe8 15. Qb3 Rad8 16. Nd2 Be6 17. Bb5 Rf8 18. Rac1 dxe4 19. Qc2 Qc5 20. a4 a6
21. b4 Qd5 22. Be2 Qxd2 23. Qb1 e3 24. f3 Nd5 25. Rc2 Nxc3 26. Rxd2 exd2 27. Qc2 dxe1=Q+
0-1

[Event "Snorlax"]
[Site "SchemingMind.com"]
[Date "2008.07.20"]
[Round "-"]
[White "rao"]
[Black "Aadsje"]
[Result "0-1"]
[WhiteCountry "INT"]
[BlackCountry "NED"]
[WhiteElo "1540"]
[WhiteRD "70"]
[BlackElo "2043"]
[BlackRD "59"]
[GameID "164162"]

1. e4 c5 2. Bc4 e6 3. d3 d5 4. exd5 exd5 5. Bb3 Ne7 6. Bg5 h6 7. Bh4 Nbc6 8. Ba4 Qa5+ 9. c3 Nf5 10. Bg3 Nxg3
11. hxg3 b5 12. Bb3 Be6 13. Nf3 Be7 14. Qe2 O-O 15. Ne5 Nd4 16. Qd1 Bd6 17. Nf3 Nxb3 18. Qxb3 c4 19. dxc4 dxc4 20. Qc2 b4
21. Ng5 Bf5 22. Qc1 Rfe8+ 23. Kf1 hxg5 24. cxb4 Qxb4 25. Nc3 Rab8 26. Qxg5 Qxb2 27. Rc1 f6 28. Rh8+ Kxh8 29. Qh5+ Bh7 30. Qd1 Bc5
31. Kg1 Qxf2+ 32. Kh2 Rb2 33. Qh1 Qf3
0-1

[Event "Snorlax"]
[Site "SchemingMind.com"]
[Date "2008.07.20"]
[Round "-"]
[White "z"]
[Black "Aadsje"]
[Result "0-1"]
[WhiteCountry "IRQ"]
[BlackCountry "NED"]
[WhiteElo "1719"]
[WhiteRD "54"]
[BlackElo "2043"]
[BlackRD "59"]
[GameID "164163"]

1. f4 d5 2. e3 g6 3. Nf3 Bg7 4. Bb5+ Nc6 5. Bxc6+ bxc6 6. c4 Nf6 7. Qa4 O-O 8. Qxc6 Bd7 9. Qa6 Bf5 10. cxd5 Nxd5
11. a3 Bf6 12. O-O Rb8 13. Nc3 Nxc3 14. dxc3 Bd3 15. Qxa7 Bxf1 16. Kxf1 Qd3+ 17. Kf2 Qc2+ 18. Kg3 Rbd8 19. Nd4 Qd1 20. b4 Qe1+
21. Kf3 Qxc3 22. Rb1 Rxd4 23. Bb2 Qc6+
0-1

[Event "Snorlax"]
[Site "SchemingMind.com"]
[Date "2008.07.20"]
[Round "-"]
[White "mrbiggs"]
[Black "Aadsje"]
[Result "0-1"]
[WhiteCountry "USA"]
[BlackCountry "NED"]
[WhiteElo "1709"]
[WhiteRD "67"]
[BlackElo "2043"]
[BlackRD "59"]
[GameID "164164"]

1. e4 e6 2. d4 d5 3. Nc3 Nf6 4. Bg5 Bb4 5. e5 h6 6. exf6 hxg5 7. fxg7 Rg8 8. h4 gxh4 9. Qg4 Qf6 10. Nf3 Rxg7
11. Qxh4 Qxh4 12. Rxh4 Nd7 13. O-O-O Bxc3 14. bxc3 Nf6 15. Nd2 Ke7 16. f3 Rg3 17. Re1 b6 18. Rh2 Bb7 19. c4 Rd8 20. Nb3 dxc4
21. Bxc4 Bd5 22. Bxd5 Nxd5 23. Kb2 Rdg8 24. Rh5 Nf4 25. Rhe5 Rxg2 26. Kc3 c6 27. R5e4 Nd5+ 28. Kb2 Rf2
0-1

[Event "Snorlax"]
[Site "SchemingMind.com"]
[Date "2008.07.22"]
[Round "-"]
[White "Joe Daudish"]
[Black "Aadsje"]
[Result "0-1"]
[WhiteCountry "USA"]
[BlackCountry "NED"]
[WhiteElo "1729"]
[WhiteRD "43"]
[BlackElo "2043"]
[BlackRD "59"]
[GameID "164165"]

1. d4 d5 2. Nf3 Nf6 3. Bf4 c5 4. e3 Nc6 5. c3 Qb6 6. Qb3 c4 7. Qc2 Bf5 8. Qc1 h6 9. Nbd2 e6 10. Be2 Be7
11. O-O Nh5 12. Be5 O-O 13. h3 Nf6 14. g4 Bd3
0-1

[Event "Snorlax"]
[Site "SchemingMind.com"]
[Date "2008.07.20"]
[Round "-"]
[White "olavax"]
[Black "Aadsje"]
[Result "0-1"]
[WhiteCountry "FRA"]
[BlackCountry "NED"]
[WhiteElo "1818"]
[WhiteRD "78"]
[BlackElo "2043"]
[BlackRD "59"]
[GameID "164166"]

1. e4 c5 2. d4 cxd4 3. c3 dxc3 4. Nxc3 Nc6 5. Bc4 e6 6. Nf3 d6 7. O-O Be7 8. Be3 Nf6 9. Qe2 O-O 10. Rfd1 Bd7
11. Rac1 Rc8 12. a3 Ng4 13. Bd2 Nce5 14. Nxe5 Nxe5 15. Ba2 Rc6 16. f4 Ng6 17. Be3 Qa5 18. b4 Qxa3
0-1

[Event "Snorlax"]
[Site "SchemingMind.com"]
[Date "2008.07.20"]
[Round "-"]
[White "herbaciany"]
[Black "Zugzwang"]
[Result "1-0"]
[WhiteCountry "POL"]
[BlackCountry "CAN"]
[WhiteElo "1833"]
[WhiteRD "89"]
[BlackElo "1493"]
[BlackRD "56"]
[GameID "164281"]

1. e4 e5 2. Nf3 Nf6 3. Nc3 Bb4 4. Nxe5 O-O 5. Be2 Re8 6. Nf3 Bxc3 7. dxc3 Nxe4 8. O-O d6 9. c4 Nc6 10. Bd3 Nd4
11. Nxd4 c5 12. Nb5 a6 13. Bxe4 axb5 14. Bd5 b4 15. Bf4 Qf6 16. Bg3 Qxb2 17. Bxd6 b6 18. Bxa8
1-0

[Event "Snorlax"]
[Site "SchemingMind.com"]
[Date "2008.07.21"]
[Round "-"]
[White "herbaciany"]
[Black "Orhany24"]
[Result "0-1"]
[WhiteCountry "POL"]
[BlackCountry "TUR"]
[WhiteElo "1586"]
[WhiteRD "73"]
[BlackElo "1703"]
[BlackRD "65"]
[GameID "164282"]

1. e4 e5 2. Nf3 Nc6 3. Nc3 Nf6 4. Bb5 d6 5. d4 exd4 6. Qxd4 Bd7 7. Bxc6 Bxc6 8. Bg5 Be7 9. O-O-O O-O 10. Rhe1 Nd7
11. Bxe7 Qxe7 12. e5 Bxf3
0-1

[Event "Snorlax"]
[Site "SchemingMind.com"]
[Date "2008.07.21"]
[Round "-"]
[White "herbaciany"]
[Black "toguints"]
[Result "0-1"]
[WhiteCountry "POL"]
[BlackCountry "PHI"]
[WhiteElo "1586"]
[WhiteRD "73"]
[BlackElo "1460"]
[BlackRD "79"]
[GameID "164283"]

1. e4 c5 2. Nf3 Nc6 3. Bb5 d6 4. Bxc6+ bxc6 5. O-O e5 6. c4 Nf6 7. Qc2 d5 8. d3 Bd6 9. Nc3 d4 10. Na4 h6
11. b3 O-O 12. Ba3 Nd7 13. Nd2 Qe7 14. Rae1 Nb6 15. Nb2 Bc7 16. Nd1 Qg5 17. Kh1 Nd7
0-1

[Event "Snorlax"]
[Site "SchemingMind.com"]
[Date "2008.07.20"]
[Round "-"]
[White "herbaciany"]
[Black "rao"]
[Result "1-0"]
[WhiteCountry "POL"]
[BlackCountry "INT"]
[WhiteElo "1586"]
[WhiteRD "73"]
[BlackElo "1540"]
[BlackRD "70"]
[GameID "164284"]

1. e4 e5 2. Nf3 Nc6 3. Nc3 Bc5 4. Nxe5 Nxe5 5. d4 Bxd4 6. Qxd4 d6 7. Bd2 Qf6 8. O-O-O Ne7 9. Nb5 Kd8 10. f4 N5c6
11. Qxf6 gxf6 12. Bc3 a6 13. Nd4 Rg8 14. Nxc6+ Nxc6 15. Bxf6+ Ne7 16. e5 Kd7 17. exd6 cxd6 18. Be5 b5 19. Rxd6+ Ke8 20. Bf6 Bb7
21. Bd3 Rd8 22. Rxd8+ Kxd8 23. Bxh7 Rxg2 24. Rd1+ Ke8 25. Re1 Rxh2 26. Rxe7+ Kf8 27. Rxb7 Ke8 28. Bf5 Rh1+ 29. Kd2 Rh2+ 30. Kd3
1-0

[Event "Snorlax"]
[Site "SchemingMind.com"]
[Date "2008.07.21"]
[Round "-"]
[White "herbaciany"]
[Black "z"]
[Result "0-1"]
[WhiteCountry "POL"]
[BlackCountry "IRQ"]
[WhiteElo "1586"]
[WhiteRD "73"]
[BlackElo "1719"]
[BlackRD "54"]
[GameID "164285"]

1. e4 d6 2. d4 Nf6 3. Nc3 g6 4. Be3 Bg7 5. f3 O-O 6. Bc4 c6 7. Nge2 b5 8. Bb3 a5 9. a4 b4 10. Nb1 Ba6
11. O-O Nbd7 12. Nd2 Qc7 13. c4 e6 14. Rb1 c5 15. d5 exd5 16. exd5 Rfe8
0-1

[Event "Snorlax"]
[Site "SchemingMind.com"]
[Date "2008.07.20"]
[Round "-"]
[White "herbaciany"]
[Black "mrbiggs"]
[Result "0-1"]
[WhiteCountry "POL"]
[BlackCountry "USA"]
[WhiteElo "1586"]
[WhiteRD "73"]
[BlackElo "1709"]
[BlackRD "67"]
[GameID "164286"]

1. e4 e5 2. Nf3 Nf6 3. Nc3 Nc6 4. Bb5 Bc5 5. O-O O-O 6. Bxc6 dxc6 7. d3 Re8 8. h3 h6 9. Qe2 b6 10. Na4 Bd6
11. c4 c5 12. Be3 c6 13. Nc3 Bd7 14. Nh2 b5
0-1

[Event "Snorlax"]
[Site "SchemingMind.com"]
[Date "2008.07.21"]
[Round "-"]
[White "herbaciany"]
[Black "Joe Daudish"]
[Result "0-1"]
[WhiteCountry "POL"]
[BlackCountry "USA"]
[WhiteElo "1586"]
[WhiteRD "73"]
[BlackElo "1729"]
[BlackRD "43"]
[GameID "164287"]

1. e4 e6 2. Nc3 d5 3. d4 Ne7 4. Be3 Ng6 5. Bd3 dxe4 6. Bxe4 c6 7. Nge2 Be7 8. O-O Nd7 9. f4 Nf6 10. Bf3 Nd5
11. Nxd5 cxd5 12. Ng3 b6 13. Qd3 O-O 14. f5 Nh8 15. fxe6 Bxe6 16. Nf5 Ng6 17. Nxe7+ Qxe7 18. Rae1 Qd6
0-1

[Event "Snorlax"]
[Site "SchemingMind.com"]
[Date "2008.07.21"]
[Round "-"]
[White "herbaciany"]
[Black "Aadsje"]
[Result "0-1"]
[WhiteCountry "POL"]
[BlackCountry "NED"]
[WhiteElo "1586"]
[WhiteRD "73"]
[BlackElo "2043"]
[BlackRD "59"]
[GameID "164288"]

1. e4 c5 2. Nc3 Nc6 3. f4 g6 4. Nf3 Bg7 5. Bb5 Nd4 6. Nxd4 cxd4 7. Ne2 Qb6 8. Bd3 d5 9. e5 f6 10. exf6 Nxf6
11. O-O Bg4 12. h3 Bd7 13. Ng3 O-O 14. b3 Ne4
0-1

[Event "Snorlax"]
[Site "SchemingMind.com"]
[Date "2008.07.21"]
[Round "-"]
[White "herbaciany"]
[Black "olavax"]
[Result "0-1"]
[WhiteCountry "POL"]
[BlackCountry "FRA"]
[WhiteElo "1586"]
[WhiteRD "73"]
[BlackElo "1818"]
[BlackRD "78"]
[GameID "164289"]

1. e4 d6 2. d4 Nf6 3. Nc3 e5 4. dxe5 dxe5 5. Qxd8+ Kxd8 6. Bg5 h6 7. O-O-O+ Nd7 8. Bxf6+ gxf6 9. Nd5 Bd6 10. Bc4 h5
11. Nf3 Rh6 12. Nh4 Nb6 13. Nxb6 axb6 14. Bxf7 Ke7 15. Bb3 Bd7 16. g3 b5 17. a3 c5 18. Bd5 Rb8 19. Rd2 Kd8 20. Bxb7 Kc7
21. Bd5 c4 22. Rhd1 Rb6
0-1

[Event "Snorlax"]
[Site "SchemingMind.com"]
[Date "2008.07.21"]
[Round "-"]
[White "Zugzwang"]
[Black "herbaciany"]
[Result "0-1"]
[WhiteCountry "CAN"]
[BlackCountry "POL"]
[WhiteElo "1493"]
[WhiteRD "56"]
[BlackElo "1833"]
[BlackRD "89"]
[GameID "164290"]

1. d4 Nf6 2. Nf3 e6 3. e3 d5 4. Bd3 c5 5. O-O c4 6. Be2 Be7 7. Nc3 O-O 8. Nh4 Ne4 9. Nf3 Nxc3 10. bxc3 f5
11. Ne5 Nd7 12. e4 Nxe5 13. dxe5 fxe4 14. Bh5 Bg5 15. Qg4 Bxc1 16. Raxc1 Kh8 17. f4 g6
0-1

[Event "Snorlax"]
[Site "SchemingMind.com"]
[Date "2008.07.21"]
[Round "-"]
[White "Orhany24"]
[Black "herbaciany"]
[Result "1-0"]
[WhiteCountry "TUR"]
[BlackCountry "POL"]
[WhiteElo "1703"]
[WhiteRD "65"]
[BlackElo "1586"]
[BlackRD "73"]
[GameID "164291"]

1. d4 Nf6 2. c4 e6 3. a3 c5 4. e3 d5 5. Nf3 Nc6 6. Be2 Be7 7. O-O O-O 8. b3 b6 9. Bb2 Bb7 10. Nc3 Rc8
11. Rc1
1-0

[Event "Snorlax"]
[Site "SchemingMind.com"]
[Date "2008.07.21"]
[Round "-"]
[White "toguints"]
[Black "herbaciany"]
[Result "1-0"]
[WhiteCountry "PHI"]
[BlackCountry "POL"]
[WhiteElo "1460"]
[WhiteRD "79"]
[BlackElo "1586"]
[BlackRD "73"]
[GameID "164292"]

1. d4 Nf6 2. Bg5 e6 3. e4 Be7 4. Bxf6 Bxf6 5. Nf3 d6 6. Nc3 O-O 7. Be2 e5 8. d5 Be7 9. O-O f5 10. Bd3 f4
11. Re1 g5 12. Nb1 Bg4 13. Nbd2 Bh5 14. Be2 g4 15. c4 gxf3 16. Bxf3
1-0

[Event "Snorlax"]
[Site "SchemingMind.com"]
[Date "2008.07.21"]
[Round "-"]
[White "rao"]
[Black "herbaciany"]
[Result "1-0"]
[WhiteCountry "INT"]
[BlackCountry "POL"]
[WhiteElo "1540"]
[WhiteRD "70"]
[BlackElo "1586"]
[BlackRD "73"]
[GameID "164293"]

1. e4 Nc6 2. Bc4 d6 3. d3 Nf6 4. h3 g6 5. Nc3 Bg7 6. Qf3 Nd4 7. Qd1 O-O 8. Be3 c5 9. Nce2 Nxe2 10. Qxe2 Rb8
11. Nf3 b5 12. Bb3 e5 13. Bg5 h6 14. Be3 a5 15. a3 a4 16. Ba2 b4 17. axb4 Rxb4 18. b3 a3 19. Bb1 Qa5 20. Bd2 Be6
21. Ba2 Nh5 22. O-O Nf4 23. Qe3 f5 24. c4 Qc7 25. Bxb4 cxb4 26. Nh4 fxe4 27. Qxe4 g5 28. Ng6 Bf5 29. Nxf4 Bxe4 30. Ne6 Qb7
31. dxe4
1-0

[Event "Snorlax"]
[Site "SchemingMind.com"]
[Date "2008.07.21"]
[Round "-"]
[White "z"]
[Black "herbaciany"]
[Result "1-0"]
[WhiteCountry "IRQ"]
[BlackCountry "POL"]
[WhiteElo "1719"]
[WhiteRD "54"]
[BlackElo "1586"]
[BlackRD "73"]
[GameID "164294"]

1. e4 c5 2. Nf3 Nf6 3. d4 Nxe4 4. Bd3 Nf6 5. O-O cxd4 6. Nxd4 e6 7. Nc3 Be7 8. Kh1 O-O 9. f4 Nc6 10. Be3 d5
11. Qf3 Nxd4 12. Bxd4 Bd7 13. f5 exf5 14. Bxf5
1-0

[Event "Snorlax"]
[Site "SchemingMind.com"]
[Date "2008.07.21"]
[Round "-"]
[White "mrbiggs"]
[Black "herbaciany"]
[Result "1-0"]
[WhiteCountry "USA"]
[BlackCountry "POL"]
[WhiteElo "1709"]
[WhiteRD "67"]
[BlackElo "1586"]
[BlackRD "73"]
[GameID "164295"]

1. e4 c5 2. Nf3 Nf6 3. Nc3 Nc6 4. Bc4 e6 5. O-O Be7 6. d3 O-O 7. Re1 Na5 8. e5 Ne8 9. Bb3 d5 10. exd6 Nxd6
11. Be3 Nxb3 12. axb3 b6 13. Qd2 Bb7 14. Qe2
1-0

[Event "Snorlax"]
[Site "SchemingMind.com"]
[Date "2008.07.22"]
[Round "-"]
[White "Joe Daudish"]
[Black "herbaciany"]
[Result "1-0"]
[WhiteCountry "USA"]
[BlackCountry "POL"]
[WhiteElo "1729"]
[WhiteRD "43"]
[BlackElo "1586"]
[BlackRD "73"]
[GameID "164296"]

1. d4 Nf6 2. Bf4 e6 3. Nf3 Be7 4. h3 O-O 5. e3 b6 6. Be2 Bb7 7. Nbd2 c5 8. c3 d5 9. O-O Nbd7 10. Re1 Re8
11. Qc2 Nf8 12. Ne5 N6d7 13. Nxd7 Qxd7 14. Nf3 Ng6 15. Bh2 Bf6 16. dxc5 bxc5 17. a3 Rac8 18. a4
1-0

[Event "Snorlax"]
[Site "SchemingMind.com"]
[Date "2008.07.21"]
[Round "-"]
[White "Aadsje"]
[Black "herbaciany"]
[Result "1-0"]
[WhiteCountry "NED"]
[BlackCountry "POL"]
[WhiteElo "2043"]
[WhiteRD "59"]
[BlackElo "1586"]
[BlackRD "73"]
[GameID "164297"]

1. e4 c5 2. Nf3 Nf6 3. e5 Nd5 4. Nc3 Nxc3 5. dxc3 Nc6 6. Bf4 Qc7 7. Qd2 e6 8. O-O-O b6 9. h4 h6 10. Bd3 Bb7
11. Be4 O-O-O 12. b3 Be7 13. Kb1 Na5 14. Rhe1
1-0